<?xml version="1.0" encoding="UTF-8"?>
<record
    xmlns:xsi="http://www.w3.org/2001/XMLSchema-instance"
    xsi:schemaLocation="http://www.loc.gov/MARC21/slim http://www.loc.gov/standards/marcxml/schema/MARC21slim.xsd"
    xmlns="http://www.loc.gov/MARC21/slim">

  <leader>02544nam a2200349 i 4500</leader>
  <controlfield tag="003">DO-SdBNP</controlfield>
  <controlfield tag="005">20250613141218.0</controlfield>
  <controlfield tag="007">ta</controlfield>
  <controlfield tag="008">250613b2024    dr ||||| |||| 00| 0 spa d</controlfield>
  <datafield tag="020" ind1=" " ind2=" ">
    <subfield code="a">9789945947854</subfield>
  </datafield>
  <datafield tag="040" ind1=" " ind2=" ">
    <subfield code="a">DO-SdBNP</subfield>
    <subfield code="b">spa</subfield>
    <subfield code="c">BNPHU</subfield>
    <subfield code="e">rda</subfield>
  </datafield>
  <datafield tag="041" ind1=" " ind2=" ">
    <subfield code="a">spa</subfield>
    <subfield code="a">eng</subfield>
  </datafield>
  <datafield tag="082" ind1=" " ind2="4">
    <subfield code="a">xxx</subfield>
    <subfield code="b">M878a 2024</subfield>
    <subfield code="2">22</subfield>
  </datafield>
  <datafield tag="100" ind1="1" ind2=" ">
    <subfield code="a">Morrison, Mateo,</subfield>
    <subfield code="d">1947-</subfield>
    <subfield code="e">autor</subfield>
    <subfield code="4">aut.</subfield>
    <subfield code="9">1469</subfield>
  </datafield>
  <datafield tag="245" ind1="1" ind2="0">
    <subfield code="a">Anniversary of = Anniversary of pain :</subfield>
    <subfield code="b">selection of poems = Aniversario del dolor : selecci&#xF3;n de poemas /</subfield>
    <subfield code="c">Mateo Morrison ; traducci&#xF3;n por Mariela Shaw ; dise&#xF1;o de portada y diagramaci&#xF3;n ; Carmen Fortunato ; edici&#xF3;n y correcci&#xF3;n,  Rafael J. Rodr&#xED;guez P&#xE9;rez ; pr&#xF3;logo, Rosemary Mealy.</subfield>
  </datafield>
  <datafield tag="246" ind1="1" ind2="3">
    <subfield code="a">Anniversary of pain </subfield>
  </datafield>
  <datafield tag="250" ind1=" " ind2=" ">
    <subfield code="a">Segunda edici&#xF3;n </subfield>
  </datafield>
  <datafield tag="264" ind1=" " ind2="4">
    <subfield code="a">Santo Domingo, Rep&#xFA;blica Dominicana :</subfield>
    <subfield code="b">Rio de Oro Editores,</subfield>
    <subfield code="b">Grupo Cultural Orientaci&#xF3;n, </subfield>
    <subfield code="c">&#xA9;2024.</subfield>
  </datafield>
  <datafield tag="300" ind1=" " ind2=" ">
    <subfield code="a">75 p&#xE1;ginas :</subfield>
    <subfield code="c">22 cm.</subfield>
  </datafield>
  <datafield tag="336" ind1=" " ind2=" ">
    <subfield code="a">texto</subfield>
    <subfield code="b">txt</subfield>
    <subfield code="2">rdacontent</subfield>
  </datafield>
  <datafield tag="337" ind1=" " ind2=" ">
    <subfield code="a">sin mediaci&#xF3;n </subfield>
    <subfield code="b">n</subfield>
    <subfield code="2">rdamedia </subfield>
  </datafield>
  <datafield tag="338" ind1=" " ind2=" ">
    <subfield code="a">volumen  </subfield>
    <subfield code="b">nc</subfield>
    <subfield code="2">rdacarrier </subfield>
  </datafield>
  <datafield tag="490" ind1="0" ind2=" ">
    <subfield code="a">Colecci&#xF3;n Cierva Blanca </subfield>
  </datafield>
  <datafield tag="505" ind1=" " ind2=" ">
    <subfield code="a">Foreword, 8.-- Pr&#xF3;logo, 14.-- Anniversary of pain, 20.-- Aniversario del dolor, 21.-- The land (earth rebels), 22.-- La tierra rebelada, 23.-- Hope-a mother, 24.-- Madre-la esperanza, 25.-- The city-after the war, 26.-- La ciudad post-guerra, 27.-- Identification, 28.-- Identificaci&#xF3;n, 29.-- Not only men, 30.-- No solo hombres, 31.-- These children, 32.-- Estos ni&#xF1;os, 33.-- Song before hate, 34.-- Canci&#xF3;n antes del odio, 35.-- Elegy or parable?, 36.-- &#xBF;Eleg&#xED;a o par&#xE1;bola?, 37.-- In the beginning, 38.-- En principio, 39.-- Odes to Nelson Alejandro, 40.-- Odas a Nelson Alejandro, 41.-- Ode to welcoming a child of the people, 42.-- Odas para recibir a un ni&#xF1;o del pueblo, 43.-- Second ode, 44.-- Segunda oda, 45.-- Nelson and the four elements, 46.-- Nelson y los cuatro elementos, 47.-- I intend to overthrow the sea, 48.-- Intento destronar el mar, 49.-- Poem of undeserved pain, 50.-- Poema del dolor no merecido, 51.-- Poems of the darkest time, 52.-- Poemas de los tiempos sombr&#xED;os, 53.-- Biographical summary of Mateo Morrison, 54.-- S&#xED;ntesis de la biograf&#xED;a de Mateo Morrison, 64.-- Mariela Shaw, 74.</subfield>
  </datafield>
  <datafield tag="590" ind1=" " ind2=" ">
    <subfield code="a">Inventariado, 2025 /LP</subfield>
  </datafield>
  <datafield tag="700" ind1="1" ind2=" ">
    <subfield code="a">Shaw, Mariela,</subfield>
    <subfield code="e">traductor</subfield>
    <subfield code="4">tr.</subfield>
    <subfield code="9">54884</subfield>
  </datafield>
  <datafield tag="700" ind1="1" ind2=" ">
    <subfield code="a">Carmen Fortunato,</subfield>
    <subfield code="e">dise&#xF1;o</subfield>
    <subfield code="4">di</subfield>
    <subfield code="9">88107</subfield>
  </datafield>
  <datafield tag="700" ind1="1" ind2=" ">
    <subfield code="a">Rodr&#xED;guez P&#xE9;rez, Rafael J.</subfield>
    <subfield code="e">editor y corrector</subfield>
    <subfield code="4">ed.</subfield>
    <subfield code="4">corr.</subfield>
    <subfield code="9">43373</subfield>
  </datafield>
  <datafield tag="700" ind1="1" ind2=" ">
    <subfield code="a">Mealy, Rosemary,</subfield>
    <subfield code="e">prologuista</subfield>
    <subfield code="4">pr.</subfield>
    <subfield code="9">88108</subfield>
  </datafield>
  <datafield tag="910" ind1=" " ind2=" ">
    <subfield code="a">LP</subfield>
  </datafield>
  <datafield tag="942" ind1=" " ind2=" ">
    <subfield code="2">ddc</subfield>
    <subfield code="c">LBS1</subfield>
  </datafield>
  <datafield tag="952" ind1=" " ind2=" ">
    <subfield code="0">0</subfield>
    <subfield code="1">0</subfield>
    <subfield code="2">ddc</subfield>
    <subfield code="5">1</subfield>
    <subfield code="7">0</subfield>
    <subfield code="8">PD</subfield>
    <subfield code="a">BNPHU</subfield>
    <subfield code="b">BNPHU</subfield>
    <subfield code="c">CT</subfield>
    <subfield code="d">2025-02-05</subfield>
    <subfield code="e">Dep&#xF3;sito Legal</subfield>
    <subfield code="l">0</subfield>
    <subfield code="o">xxx M878a 2024</subfield>
    <subfield code="p">2025-2785</subfield>
    <subfield code="r">2025-04-07</subfield>
    <subfield code="w">2025-04-07</subfield>
    <subfield code="y">LBS1</subfield>
  </datafield>
  <datafield tag="952" ind1=" " ind2=" ">
    <subfield code="0">0</subfield>
    <subfield code="1">0</subfield>
    <subfield code="2">ddc</subfield>
    <subfield code="5">1</subfield>
    <subfield code="7">0</subfield>
    <subfield code="8">PD</subfield>
    <subfield code="a">BNPHU</subfield>
    <subfield code="b">BNPHU</subfield>
    <subfield code="c">CT</subfield>
    <subfield code="d">2025-02-05</subfield>
    <subfield code="e">Dep&#xF3;sito Legal</subfield>
    <subfield code="l">0</subfield>
    <subfield code="o">xxx M878a 2024</subfield>
    <subfield code="p">2025-2786</subfield>
    <subfield code="r">2025-04-07</subfield>
    <subfield code="t">e.2</subfield>
    <subfield code="w">2025-04-07</subfield>
    <subfield code="y">LBS1</subfield>
  </datafield>
  <datafield tag="999" ind1=" " ind2=" ">
    <subfield code="c">58640</subfield>
    <subfield code="d">58640</subfield>
  </datafield>
</record>
